Folk tales of the Santals / (Record no. 7075)
[ view plain ]
| 000 -LEADER | |
|---|---|
| fixed length control field | 00950cam a2200325 4500 |
| 001 - CONTROL NUMBER | |
| control field | 7075 |
| 003 - CONTROL NUMBER IDENTIFIER | |
| rucl marc code | BD-RjUL |
| 005 - DATE AND TIME OF LATEST TRANSACTION | |
| control field | 20211208234348.0 |
| 008 - FIXED-LENGTH DATA ELEMENTS--GENERAL INFORMATION | |
| fixed length control field | 140113s1973 ii a 000 0 eng d |
| 035 ## - SYSTEM CONTROL NUMBER | |
| System control number | (OCoLC)ocm01905097 |
| System control number | (BD-RjUL)7117 |
| System control number | (NNC)2540900 |
| 040 ## - CATALOGING SOURCE | |
| Original cataloging agency | DLC |
| Transcribing agency | DLC |
| Modifying agency | ZCU |
| Language of cataloging | eng |
| 041 ## - LANGUAGE CODE | |
| Language code of text/sound track or separate title | eng |
| 082 00 - DEWEY DECIMAL CLASSIFICATION NUMBER | |
| Classification number | 398.20899595 |
| Author mark and year | CHF1973 |
| 090 ## - LOCALLY ASSIGNED LC-TYPE CALL NUMBER (OCLC); LOCAL CALL NUMBER (OCLC) | |
| Classification number (OCLC) (R) ; Classification number, CALL (RLIN) (NR) | GR305.5.S2 |
| Local cutter number (OCLC) ; Book number/undivided call number, CALL (RLIN) | R6 |
| 100 1# - MAIN ENTRY--PERSONAL NAME | |
| Personal name | Chaudhury, Indu,Roy |
| Dates associated with a name | 1903- |
| 9 (RLIN) | 22161 |
| 245 10 - TITLE STATEMENT | |
| Title | Folk tales of the Santals / |
| Statement of responsibility, etc. | Indu Roy Chauhury |
| 250 ## - EDITION STATEMENT | |
| Edition statement | [1st ed.] |
| 260 ## - PUBLICATION, DISTRIBUTION, ETC. (IMPRINT) | |
| Place of publication, distribution, etc. | New Delhi : |
| Name of publisher, distributor, etc. | Sterling Publishers, |
| Date of publication, distribution, etc. | c1973. |
| 300 ## - PHYSICAL DESCRIPTION | |
| Pagination | 120 p. : |
| Illustrations | illus. ; |
| Size | 21 cm. |
| 490 1# - SERIES STATEMENT | |
| Series statement | Folk tales of India series ; |
| Volume/sequential designation | 13 |
| 650 #0 - SUBJECT ADDED ENTRY--TOPICAL TERM | |
| Topical term or geographic name as entry element | Santal (South Asian people) |
| General subdivision | Folklore. |
| 9 (RLIN) | 22162 |
| Topical term or geographic name as entry element | Tales |
| Geographic subdivision | India. |
| 9 (RLIN) | 19691 |
| 830 #0 - SERIES ADDED ENTRY--UNIFORM TITLE | |
| Volume number/sequential designation | 13. |
| Uniform title | Folk tales of India series ; |
| 942 ## - ADDED ENTRY ELEMENTS (KOHA) | |
| Source of classification or shelving scheme | Dewey Decimal Classification |
| Koha item type | Books |
| Lost status | Source of classification or shelving scheme | Damaged status | Not for loan | Collection code | Permanent Location | Current Location | Shelving location | Date acquired | Source of acquisition | Cost, normal purchase price | Total Checkouts | Full call number | Date last seen | Copy number | Koha item type |
|---|---|---|---|---|---|---|---|---|---|---|---|---|---|---|---|
| Dewey Decimal Classification | Not For Loan | Non-fiction | Central Library, University of Rajshahi | Central Library, University of Rajshahi | 29/09/1978 | India Int. Calcatta. | 10.00 | 398.20899595 ROF 1973 | 13/01/2014 | C-1 | Books |